| LDR | | 00000nam c2200205 c 4500 |
| 001 | | 000000240316 |
| 005 | | 20180608112522 |
| 007 | | ta |
| 008 | | 180417s2017 ulk r 001a kor |
| 020 | |
▼a 9788964451465
▼g 93100 :
▼c \28000 |
| 040 | |
▼a 248032
▼c 248032
▼d 248032 |
| 041 | 1 |
▼a kor
▼h ger |
| 049 | 0 |
▼l EM98893 |
| 056 | |
▼a 165.84
▼2 4 |
| 090 | |
▼a 165.84
▼b 하68ㄴ |
| 245 | 20 |
▼a 논리학의 형이상학적 시원근거들 /
▼d 마르틴 하이데거 지음;
▼e 김재철,
▼e 김진태 옮김 |
| 246 | 19 |
▼a Metaphysische Anfangsgründe der Logik im Ausgang von Leibniz |
| 250 | |
▼a 1판 [원서 1판] |
| 260 | |
▼a 서울 :
▼b 길,
▼c 2017 |
| 300 | |
▼a 355 p. ;
▼c 23 cm |
| 440 | 10 |
▼a 코기토 총서 ;
▼v 038 |
| 504 | |
▼a 색인(p. 347-355) 수록 |
| 653 | |
▼a 논리학
▼a 형이상학
▼a 존재
▼a 하이데거 |
| 700 | 1 |
▼a 하이데거, 마르틴,
▼e 저 |
| 700 | 1 |
▼a 김재철,
▼e 역 |
| 700 | 1 |
▼a 김진태,
▼e 공역 |
| 900 | 11 |
▼a Heidegger, Martin |
| 950 | 0 |
▼b \28000 |
| 990 | |
▼a 관리자3
▼b 관리자3 |